000 01939cam a22004934i 4500
003 PE-LiUPU
005 20250731173122.0
008 150623s1999 bl a rb 000 0 por d
035 _a(Sirsi) a25567
040 _aPE-LiUPU
_bspa
_cPE-LiUPU
_erda
049 _aPRUA
082 0 4 _a213
_bA97
_221
100 1 _aDe Azevedo, Roberto César,
_eautor.
245 1 2 _aA origem superior das espécies :
_bnova teoría /
_cRoberto César De Azevedo.
264 1 _aSao Paulo :
_bImprensa Universitária Adventista,
_c1999.
300 _a129 páginas :
_bilustraciones ;
_c22 centímetros
336 _atext
_2rdacontent
337 _aunmediated
_2rdamedia
338 _avolume
_2rdacarrier
504 _aIncluye bibliografía.
505 0 _aA origem superior das espécies -- Introducao geral. Projeto gigante.
526 _aSEG42
526 _aSEG41
526 _aSEG40
526 _aSEG39
526 _aP94
526 _aP87
526 _aP86
526 _aP85
526 _aP77
526 _aP76
526 _aP35
650 1 4 _aCreacionismo.
942 _2ddc
_cBOOK
949 _a213 A97
_wDEWEY
_c1
_i49666
_lCCODEBUL1
_mBUL
_p00.00
_r0
_sY
_tBOOK
_u2015-06-24
_xTEOLOGIA
_PP35
_0COMPRA
_o.STAFF. Colección General
994 _aC0
_bPEPRU
596 _a1 2
999 _a213 A97
_wDEWEY
_c32502
_i49666
_f2021-11-9
_g5
_lCCODEBUL1
_mBUL
_p12.00
_r0
_sY
_tBOOK
_u2015-6-24
_xTEOLOGIA
_PP35
_0COMPRA
_o.STAFF. Colección Teología
_d32502
999 _a213 A97 1999
_wDEWEY
_c1
_iFT01415
_f2019-2-20
_g1
_lCCODEBUT1
_mBUT
_r0
_sY
_tBOOK
_u2015-10-27
_xBIBLIOTECA
_PP35
_0DONACION
_o.STAFF. Colección General
999 _a213 A97 1999
_wDEWEY
_c2
_iFT01982
_f2019-2-20
_g1
_lCCODEBUT1
_mBUT
_r0
_sY
_tBOOK
_u2015-10-29
_xBIBLIOTECA
_zUNKNOWN
_0DONACION
_o.STAFF. Colección General
980 _81
_gALBERTO SANCHEZ Responsable de Automatización